000 00293nam a2200121Ia 4500
005 20251222154343.0
008 251222s9999||||xx |||||||||||||| ||spa||
020 _a84-362-1499-4
082 _a330/V72/T.1
100 _a"Vivas, Ángel"
245 0 _aEstructura Económica Mundial
942 _cLIB
999 _c34603
_d34603